000
00314nam a2200121Ia 4500
008
220204s9999 xx 000 0 und d
082
_a
543.063
_b
WEL
100
_a
Hahn, Richard B
245
0
_a
Semimicro qualitative analysis
260
_a
New York
_b
Van Nostrand
_c
1955
700
_a
Welcher, Frank J
942
_c
BK
999
_c
20920
_d
20920